000 00561cam a2200229ua 4500
001 7685
005 20260515114238.0
008 141220n ii |||gr||||Z||||||asm
020 _a9789382750093
040 _cMAIN
041 _aasm
082 _a954
100 _aHusain, T. A.,
_eAuthor.
245 1 _aBharatbarsar itihash
_cBy Tasadduque Amanul Hussain
250 _a1st.
260 _aDibrugarh:
_bBanalata,
_c2013.
300 _a316p.
653 _aSouth Asia India
653 _aIndian history
700 _aBaruah, P. Kr.,
_eAuthor.,
942 _cBK
999 _c6802
_d6802